Microeconomics

Gardado en:
Detalles Bibliográficos
Autor Principal: Pindyck, Robert S.
Formato: Libro
Idioma:Undetermined
Publicado: Upper Saddle River, N.J. Pearson Education 2005
Những chủ đề:
Các nhãn: Engadir etiqueta
Sen Etiquetas, Sexa o primeiro en etiquetar este rexistro!
Thư viện lưu trữ: Trung tâm Học liệu Trường Đại học Cần Thơ
LEADER 00523nam a2200193Ia 4500
001 CTU_104987
008 210402s9999 xx 000 0 und d
020 |c 954000 
082 |a 338.5 
082 |b P648 
100 |a Pindyck, Robert S. 
245 0 |a Microeconomics 
245 0 |c Robert S. Pindyck and Daniel L. Rubinfeld 
260 |a Upper Saddle River, N.J. 
260 |b Pearson Education 
260 |c 2005 
650 |a Microeconomics 
904 |i Minh 
980 |a Trung tâm Học liệu Trường Đại học Cần Thơ